[Event "Lloyds Bank Masters 17th"]
[Site "London"]
[Date "1993.08.28"]
[Round "8"]
[White "Bisby, Daniel L"]
[Black "Williams, Simon Kim"]
[Result "1/2-1/2"]
[WhiteElo "2150"]
[BlackElo "2255"]
[PlyCount "35"]
[EventDate "1993.08.21"]
[EventType "swiss"]
[EventRounds "10"]
[EventCountry "ENG"]

1. c4 f5 2. d4 e6 3. g3 Nf6 4. Bg2 Be7 5. Nf3 d6 6. O-O O-O 7. Nc3 a5 8. Re1
Ne4 9. Qc2 Nxc3 10. Qxc3 c6 11. b3 e5 12. dxe5 dxe5 13. Bb2 Nd7 14. a3 Bf6 15.
e4 Nc5 16. Nxe5 Qc7 17. f4 Rd8 18. Qe3 1/2-1/2

[Event "Lloyds Bank Masters 17th"]
[Site "London"]
[Date "1993.08.28"]
[Round "8"]
[White "Hinks-Edwards, Thomas"]
[Black "Rayner, Francis"]
[Result "1/2-1/2"]
[WhiteElo "2205"]
[BlackElo "2295"]
[PlyCount "32"]
[EventDate "1993.08.21"]
[EventType "swiss"]
[EventRounds "10"]
[EventCountry "ENG"]

1. e4 c5 2. c3 d6 3. d4 Nf6 4. Bd3 Nbd7 5. Nf3 e5 6. O-O Be7 7. dxe5 Nxe5 8.
Nxe5 dxe5 9. Bb5+ Bd7 10. Bxd7+ Qxd7 11. Qxd7+ Kxd7 12. Bg5 Nxe4 13. Bxe7 Kxe7
14. Re1 Ng5 15. Rxe5+ Ne6 16. Na3 Rad8 1/2-1/2

[Event "Lloyds Bank Masters 17th"]
[Site "London"]
[Date "1993.08.28"]
[Round "8"]
[White "Van der Sterren, Paul"]
[Black "Tkachiev, Vladislav"]
[Result "0-1"]
[WhiteElo "2530"]
[BlackElo "2455"]
[PlyCount "76"]
[EventDate "1993.08.21"]
[EventType "swiss"]
[EventRounds "10"]
[EventCountry "ENG"]

1. Nf3 Nf6 2. c4 g6 3. Nc3 Bg7 4. e4 d6 5. d4 O-O 6. Be2 Na6 7. O-O e5 8. Be3
c6 9. d5 Ng4 10. Bg5 f6 11. Bh4 (11. Bc1 Kh8 12. Nd2 Nh6 13. f3 c5 14. a3 Bd7
15. Rb1 Nf7 16. b4 b6 {0-1 is the version of the score given on Mega 2022 but
it must be wrong. The version in CHESS has notes by Tkachiev.}) 11... h5 12.
Nd2 Nh6 13. f3 c5 14. a3 Bd7 15. Rb1 Nf7 16. b4 b6 17. bxc5 Nxc5 18. Nb3 Na4
19. Nxa4 Bxa4 20. Qe1 Qc7 21. Nc1 Bd7 22. Qb4 f5 23. exf5 Bxf5 24. Nd3 Rae8 25.
g4 e4 26. gxf5 exd3 27. Bxd3 Ne5 28. Be2 Rxf5 29. f4 Ng4 30. Bxg4 hxg4 31. Rfe1
Rxe1+ 32. Rxe1 Rxf4 33. Bg3 Rxc4 34. Bxd6 $4 Bd4+ 35. Kg2 Qf7 36. Re8+ Qxe8 37.
Qxc4 Qe4+ 38. Kf1 Qf3+ {Source: bulletin; CHESS, January 1994, p29 (with notes
by Tkachiev)} 0-1

[Event "Lloyds Bank Masters 17th"]
[Site "London"]
[Date "1993.08.28"]
[Round "8"]
[White "Hunt, Adam"]
[Black "Corkett, Anthony"]
[Result "1/2-1/2"]
[WhiteElo "2155"]
[BlackElo "2315"]
[PlyCount "57"]
[EventDate "1993.08.21"]
[EventType "swiss"]
[EventRounds "10"]
[EventCountry "ENG"]

1. e4 c5 2. Nf3 Nc6 3. d4 cxd4 4. Nxd4 g6 5. c4 Bg7 6. Be3 Nf6 7. Nc3 O-O 8.
Be2 d6 9. O-O Bd7 10. Nb3 a5 11. a4 Nb4 12. f3 Bc6 13. Qd2 Nd7 14. Nd5 Bxd5 15.
cxd5 b6 16. Bb5 Nc5 17. Nxc5 bxc5 18. Rac1 Na6 19. b3 Qb6 20. Kh1 Rfb8 21. Qe2
Nc7 22. Bc4 Qb7 23. Rcd1 Qc8 24. f4 Qf8 25. e5 Kh8 26. Bf2 f6 27. Bg3 f5 28.
Bh4 Re8 29. h3 1/2-1/2

[Event "Lloyds Bank Masters 17th"]
[Site "London"]
[Date "1993.08.29"]
[Round "9"]
[White "Dunnington, Angus J"]
[Black "Hinks-Edwards, Thomas"]
[Result "1/2-1/2"]
[WhiteElo "2415"]
[BlackElo "2205"]
[PlyCount "126"]
[EventDate "1993.08.21"]
[EventType "swiss"]
[EventRounds "10"]
[EventCountry "ENG"]

1. Nf3 Nf6 2. g3 d5 3. Bg2 Bg4 4. O-O Nbd7 5. d3 c6 6. Nbd2 e6 7. h3 Bxf3 8.
Nxf3 a5 9. a4 Bd6 10. c3 Qe7 11. Nd4 g6 12. e4 dxe4 13. dxe4 e5 14. Nc2 O-O 15.
Bg5 Rfd8 16. Ne3 Kg7 17. Ng4 h5 18. Nxf6 Nxf6 19. Qb3 Qc7 20. Be3 Nd7 21. Rad1
b6 22. h4 Bc5 23. Bg5 f6 24. Bc1 Nf8 25. Qc2 Rxd1 26. Rxd1 Rd8 27. Rxd8 Qxd8
28. Qd2 Qxd2 29. Bxd2 Kf7 30. Kf1 Ke7 31. f4 exf4 32. gxf4 Bd6 33. e5 fxe5 34.
fxe5 Bxe5 35. Bxc6 Ne6 36. Be3 Nc5 37. b4 axb4 38. cxb4 Nd3 39. Be4 Nxb4 40.
Bxg6 Nd5 41. Bf2 Nf4 42. Be4 Bc7 43. Ke1 Ke6 44. Kd2 Bd8 45. Kc3 Ke5 46. Bf3
Ng6 47. Bg3+ Ke6 48. Bxh5 Nxh4 49. Kc4 Ng2 50. Bg4+ Kf7 51. Kb5 Ne3 52. Bf3 Ke6
53. Kc6 Kf5 54. Be2 Ke4 55. Bb5 Nd5 56. Kd7 Bg5 57. Bc6 Kd4 58. Bf2+ Be3 59.
Bxe3+ Nxe3 60. Bb5 Kc5 61. Kc7 Nd5+ 62. Kb7 Kb4 63. Kc6 Nc3 1/2-1/2

[Event "Lloyds Bank Masters 17th"]
[Site "London"]
[Date "1993.08.29"]
[Round "9"]
[White "King, Daniel J"]
[Black "Sakhatova, Elvira->Berend"]
[Result "1/2-1/2"]
[WhiteElo "2455"]
[BlackElo "2235"]
[PlyCount "120"]
[EventDate "1993.08.21"]
[EventType "swiss"]
[EventRounds "10"]
[EventCountry "ENG"]

1. e4 c5 2. Nf3 g6 3. d4 Bg7 4. c4 Qa5+ 5. Bd2 Qb6 6. Bc3 Nc6 7. d5 Nd4 8. e5
Nxf3+ 9. Qxf3 Nh6 10. e6 O-O 11. Bxg7 Kxg7 12. Qc3+ f6 13. exd7 Bxd7 14. Be2 e5
15. O-O Nf5 16. Nd2 Nd4 17. Rfe1 Rfe8 18. Rad1 a5 19. Nf3 Qd6 20. Nxd4 exd4 21.
Qg3 Qxg3 22. hxg3 a4 23. a3 Ra6 24. Bd3 Kf8 25. Kf1 Rb6 26. Rd2 Rb3 27. Rxe8+
Kxe8 28. Bc2 Rb6 29. Ke1 Kd8 30. Bd3 Rb3 31. Kd1 b5 32. Kc1 Bf5 33. Bxf5 gxf5
34. cxb5 d3 35. Rd1 c4 36. Rh1 Rxb5 37. Rxh7 Rxd5 38. Ra7 Re5 39. Rxa4 Re1+ 40.
Kd2 Re2+ 41. Kd1 Rxb2 42. Rxc4 Rxf2 43. Rd4+ Kc7 44. Rxd3 Rxg2 45. Ke1 Kc6 46.
Rf3 Kd7 47. a4 Ra2 48. Rxf5 Rxa4 49. Rxf6 Ke7 50. Rf2 Ra3 51. Re2+ Kf6 52. Kf2
Kg5 53. Kg2 Ra5 54. Kh3 Rb5 55. Re8 Ra5 56. Rg8+ Kh6 57. Kh4 Ra4+ 58. g4 Ra1
59. Rb8 Rh1+ 60. Kg3 Rg1+ 1/2-1/2

[Event "Lloyds Bank Masters 17th"]
[Site "London"]
[Date "1993.08.29"]
[Round "9"]
[White "Duchovny, Eduard"]
[Black "Morris, Philip"]
[Result "0-1"]
[WhiteElo "2232"]
[BlackElo "2380"]
[PlyCount "106"]
[EventDate "1993.08.21"]
[EventType "swiss"]
[EventRounds "10"]
[EventCountry "ENG"]

1. d4 Nf6 2. Nf3 g6 3. Bg5 Bg7 4. Nbd2 O-O 5. e4 d5 6. Bxf6 exf6 7. exd5 Qxd5
8. Be2 c5 9. O-O cxd4 10. Nb3 Nc6 11. Nbxd4 f5 12. Nxc6 Qxc6 13. c3 Qb6 14. Qb3
Be6 15. Qxb6 axb6 16. a3 Rfd8 17. Rfd1 Bb3 18. Rxd8+ Rxd8 19. Kf1 Kf8 20. Re1
Rd5 21. Ra1 Ke7 22. Ke1 Rc5 23. Nd2 Bd5 24. Bf3 Bxf3 25. gxf3 Bh6 26. Rd1 Bf4
27. h3 Re5+ 28. Kf1 Rd5 29. Ke2 Kf6 30. a4 Re5+ 31. Kd3 Kg5 32. h4+ Kxh4 33.
Rh1+ Kg5 34. Nc4 Rd5+ 35. Kc2 h5 36. Rg1+ Kh6 37. Nxb6 Rd2+ 38. Kb3 h4 39. Rh1
Kh5 40. a5 g5 41. Rf1 h3 42. Nc4 Re2 43. Nb6 h2 44. Nd5 Kh4 45. Nxf4 gxf4 46.
c4 Kh3 47. c5 Kg2 48. Rc1 h1=Q 49. Rxh1 Kxh1 50. Kc3 Rxf2 51. a6 Rxf3+ 52. Kd4
bxa6 53. c6 Rh3 0-1

[Event "Lloyds Bank Masters 17th"]
[Site "London"]
[Date "1993.08.29"]
[Round "9"]
[White "Hunt, Harriet"]
[Black "Manion, Josh"]
[Result "1-0"]
[WhiteElo "2135"]
[BlackElo "2310"]
[PlyCount "103"]
[EventDate "1993.08.21"]
[EventType "swiss"]
[EventRounds "10"]
[EventCountry "ENG"]

1. e4 c5 2. Nf3 e6 3. d4 cxd4 4. Nxd4 a6 5. Bd3 Qc7 6. Qe2 d6 7. O-O Nf6 8. c4
Nbd7 9. Nc3 Ne5 10. Kh1 Be7 11. f4 Nxd3 12. Qxd3 O-O 13. Bd2 b6 14. Rae1 Rd8
15. b3 Bb7 16. f5 e5 17. Nc2 b5 18. Ne3 bxc4 19. bxc4 Rdc8 20. Rc1 Nd7 21. Qe2
Qd8 22. Ncd5 Bg5 23. Qg4 Bxd5 24. cxd5 Bxe3 25. Bxe3 Nf6 26. Qh4 Rxc1 27. Rxc1
Rc8 28. h3 Rxc1+ 29. Bxc1 Qb6 30. Bh6 Qb1+ 31. Kh2 Qxe4 32. Qg5 Qf4+ 33. Qxf4
exf4 34. Bxf4 Ne4 35. Be3 Kf8 36. Bd4 g6 37. f6 Ke8 38. g4 Kd7 39. Kg2 a5 40.
Kf3 Ng5+ 41. Kg3 Ne4+ 42. Kf4 Nc5 43. Kg5 Na6 44. Kh6 Nb4 45. Kxh7 Nxd5 46. h4
Nf4 47. Be3 Nd5 48. Bg5 Ke6 49. Kg7 a4 50. h5 gxh5 51. gxh5 Kf5 52. h6 1-0

[Event "Lloyds Bank Masters 17th"]
[Site "London"]
[Date "1993.08.29"]
[Round "9"]
[White "O'Cinneide, Mel"]
[Black "Cobb, James"]
[Result "1-0"]
[WhiteElo "2225"]
[BlackElo "2280"]
[PlyCount "99"]
[EventDate "1993.08.21"]
[EventType "swiss"]
[EventRounds "10"]
[EventCountry "ENG"]

1. c4 e5 2. Nc3 Bb4 3. Qc2 Nf6 4. Nf3 Nc6 5. Nd5 Be7 6. e3 d6 7. a3 Be6 8. Nxe7
Qxe7 9. b4 O-O 10. Bb2 Bg4 11. Rc1 Rfe8 12. h3 Bh5 13. Nh4 Nd7 14. Nf5 Qe6 15.
Ng3 Bg6 16. d3 f5 17. Be2 Nf6 18. O-O f4 19. Ne4 Rf8 20. Ng5 Qf5 21. Nf3 fxe3
22. fxe3 e4 23. Nh4 exd3 24. Rxf5 dxc2 25. Nxg6 hxg6 26. Rb5 Rab8 27. Bd3 Rfe8
28. Bxg6 Rxe3 29. Bxc2 Kf7 30. Kf2 Re7 31. Rg5 Ne5 32. Re1 Nfd7 33. Re3 Rf8 34.
Kg1 Ke8 35. c5 Kd8 36. Ba4 Ref7 37. cxd6 cxd6 38. Bxd7 Nc4 39. Bxg7 Nxe3 40.
Bxf8 Kxd7 41. Rg7 Rxg7 42. Bxg7 b6 43. Kf2 Nc4 44. h4 Ke6 45. h5 Kf7 46. Bc3
Nxa3 47. g4 Nc4 48. g5 Ne5 49. Bxe5 dxe5 50. b5 1-0

[Event "Lloyds Bank Masters 17th"]
[Site "London"]
[Date "1993.08.29"]
[Round "9"]
[White "Reilly, Tim"]
[Black "McNab, Colin Anderson"]
[Result "1/2-1/2"]
[WhiteElo "2315"]
[BlackElo "2490"]
[PlyCount "96"]
[EventDate "1993.08.21"]
[EventType "swiss"]
[EventRounds "10"]
[EventCountry "ENG"]

1. d4 d6 2. c4 e5 3. Nc3 exd4 4. Qxd4 Nf6 5. e4 Nc6 6. Qd2 g6 7. b3 Bg7 8. Bb2
O-O 9. Bd3 Ng4 10. Nge2 Nce5 11. Bc2 Bh6 12. f4 Qh4+ 13. Ng3 Nxh2 14. Nce2
Nhf3+ 15. gxf3 Qxh1+ 16. Nxh1 Nxf3+ 17. Kd1 Nxd2 18. Kxd2 Bg7 19. Bxg7 Kxg7 20.
Nhg3 Bg4 21. Nc3 c6 22. Ke3 Rfe8 23. Rg1 h5 24. Bd1 Bxd1 25. Nxd1 Kf8 26. Kf3
a6 27. Ne3 Re7 28. Ne2 Rae8 29. Nc3 b5 30. a3 Rd7 31. Rg5 Kg7 32. cxb5 axb5 33.
Nf5+ Kh7 34. Nd4 Ra8 35. Nc2 Rb7 36. Rg2 Rd8 37. Rd2 Rdd7 38. Nb4 Kg7 39. Rc2
Ra7 40. Nxc6 Rxa3 41. Nd4 Ra1 42. Ndxb5 Rf1+ 43. Kg3 f5 44. exf5 h4+ 45. Kh2
Rxf4 46. fxg6 Rb4 47. Rd2 Rxb3 48. Nxd6 Rxd6 1/2-1/2

[Event "Lloyds Bank Masters 17th"]
[Site "London"]
[Date "1993.08.29"]
[Round "9"]
[White "Wells, Peter K"]
[Black "Summerscale, Aaron"]
[Result "1/2-1/2"]
[WhiteElo "2455"]
[BlackElo "2355"]
[PlyCount "96"]
[EventDate "1993.08.21"]
[EventType "swiss"]
[EventRounds "10"]
[EventCountry "ENG"]

1. d4 d5 2. c4 c6 3. Nc3 Nf6 4. e3 a6 5. Nf3 b5 6. b3 Bg4 7. Be2 e6 8. O-O Nbd7
9. h3 Bh5 10. Bb2 Bd6 11. Ne5 Bxe2 12. Nxe2 Rc8 13. Rc1 O-O 14. Nf4 Ne4 15. Qg4
Kh8 16. cxd5 cxd5 17. Rxc8 Qxc8 18. Rc1 Qb7 19. Nfd3 Kg8 20. Nxd7 Qxd7 21. Nc5
Qe7 22. Nxe4 f5 23. Qg5 fxe4 24. Qxe7 Bxe7 25. Rc6 Kf7 26. f3 exf3 27. gxf3 Ra8
28. e4 b4 29. Rc7 Ke8 30. Kf1 a5 31. Ke2 a4 32. Kd3 axb3 33. axb3 Kd8 34. Rb7
Ke8 35. Rb5 Rd8 36. Bc1 dxe4+ 37. fxe4 Ra8 38. Bd2 Ra2 39. Rb8+ Kf7 40. Rb7 Ke8
41. h4 Rb2 42. Bg5 Rxb3+ 43. Kc2 Rc3+ 44. Kd2 Bf8 45. Rb8+ Kf7 46. Rb7+ Kg6 47.
Rb8 Kf7 48. Rb7+ Ke8 1/2-1/2

[Event "Lloyds Bank Masters 17th"]
[Site "London"]
[Date "1993.08.29"]
[Round "9"]
[White "Timoscenko, Gennadij"]
[Black "Tozer, Richard"]
[Result "0-1"]
[WhiteElo "2540"]
[BlackElo "2300"]
[PlyCount "88"]
[EventDate "1993.08.21"]
[EventType "swiss"]
[EventRounds "10"]
[EventCountry "ENG"]

1. d4 f5 2. g3 Nf6 3. Bg2 g6 4. c4 Bg7 5. Nc3 O-O 6. Nh3 d6 7. d5 c6 8. Rb1 e5
9. dxe6 Bxe6 10. b3 Na6 11. O-O Kh8 12. Bb2 Nc5 13. Qc2 Qc7 14. Rbd1 Rad8 15.
Rd2 Rfe8 16. e3 a5 17. Nf4 Bg8 18. Rb1 Ng4 19. a3 Ne5 20. Rdd1 Qf7 21. a4 g5
22. Nfe2 h6 23. Ba3 Bh7 24. Bxc5 dxc5 25. Rxd8 Rxd8 26. Rd1 Rf8 27. Qd2 Qh5 28.
Qd6 f4 29. exf4 Nf3+ 30. Bxf3 Qxf3 31. Qe7 Bf5 32. Qe3 Qh5 33. f3 Re8 34. Qf2
Bc2 35. Rd7 Bxb3 36. Rxb7 Bxc4 37. g4 Qg6 38. f5 Qd6 39. Kg2 Qd2 40. f6 Bxf6
41. Qxc5 Bxe2 42. Ne4 Qf4 43. Rb3 Bxf3+ 44. Rxf3 Qxe4 0-1

[Event "Lloyds Bank Masters 17th"]
[Site "London"]
[Date "1993.08.29"]
[Round "9"]
[White "Basman, Michael John"]
[Black "Plaskett, H James"]
[Result "0-1"]
[WhiteElo "2350"]
[BlackElo "2470"]
[PlyCount "86"]
[EventDate "1993.08.21"]
[EventType "swiss"]
[EventRounds "10"]
[EventCountry "ENG"]

1. h3 g6 2. c4 Bg7 3. Nc3 d6 4. d3 c5 5. g4 Nc6 6. Bg2 Bd7 7. f4 a6 8. Nf3 Rb8
9. a4 e6 10. Bd2 f5 11. e4 Nge7 12. g5 Nb4 13. Be3 Bc6 14. h4 Bxc3+ 15. bxc3
Nxd3+ 16. Qxd3 fxe4 17. Qe2 exf3 18. Bxf3 Bxf3 19. Qxf3 Qb6 20. h5 Qb3 21. Rd1
Qxc3+ 22. Kf2 Nf5 23. Qe4 Ke7 24. Rhe1 Rhe8 25. Re2 Kf7 26. Rd3 Qb4 27. Bd2
Qxa4 28. Rxd6 Nxd6 29. hxg6+ hxg6 30. Qe5 Qc2 31. Qxd6 Rbd8 32. Qc7+ Kg8 33.
Be3 Qxc4 34. Qxb7 Rf8 35. Qc7 e5 36. Qc6 Rxf4+ 37. Bxf4 Qxf4+ 38. Kg2 Qxg5+ 39.
Kh2 Qh5+ 40. Kg3 Rd3+ 41. Kf2 Qh2+ 42. Kf1 Rd1+ 43. Re1 Qf4+ 0-1

[Event "Lloyds Bank Masters 17th"]
[Site "London"]
[Date "1993.08.29"]
[Round "9"]
[White "Ward, Christopher R"]
[Black "Lyell, Mark"]
[Result "1-0"]
[WhiteElo "2460"]
[BlackElo "2235"]
[PlyCount "85"]
[EventDate "1993.08.21"]
[EventType "swiss"]
[EventRounds "10"]
[EventCountry "ENG"]

1. d4 f5 2. Bg5 g6 3. Nc3 d5 4. h4 Bg7 5. e3 c6 6. Qf3 Be6 7. Nge2 h6 8. Bf4
Nd7 9. Qg3 Bf7 10. Nc1 Ngf6 11. Bc7 Qc8 12. Nd3 Ne4 13. Nxe4 dxe4 14. Be5 Nxe5
15. Nxe5 Qe6 16. b3 Bxe5 17. dxe5 Qd5 18. Be2 Qa5+ 19. Kf1 O-O-O 20. f3 Rd2 21.
fxe4 Rhd8 22. Bd3 fxe4 23. Qg4+ Kb8 24. Bxe4 Qxe5 25. Re1 Bd5 26. Bxd5 Qxd5 27.
Rh3 Rf8+ 28. Kg1 Rxc2 29. Qxg6 Qd2 30. Ra1 a6 31. Rg3 Rxa2 32. Rxa2 Qxa2 33.
Qxh6 Qb1+ 34. Kh2 Rf6 35. Qh8+ Ka7 36. Qd8 Qe4 37. Qd4+ Qxd4 38. exd4 Rf4 39.
h5 Rxd4 40. h6 Rd8 41. h7 Rh8 42. Rh3 c5 43. g4 1-0

[Event "Lloyds Bank Masters 17th"]
[Site "London"]
[Date "1993.08.29"]
[Round "9"]
[White "Ledger, Andrew"]
[Black "Jonsson, Hans"]
[Result "1-0"]
[WhiteElo "2375"]
[BlackElo "2345"]
[PlyCount "83"]
[EventDate "1993.08.21"]
[EventType "swiss"]
[EventRounds "10"]
[EventCountry "ENG"]

1. c4 g6 2. Nc3 Bg7 3. g3 Nf6 4. Bg2 O-O 5. Nf3 d6 6. O-O Nc6 7. d3 e5 8. Rb1
a5 9. b3 Re8 10. Bb2 e4 11. dxe4 Nxe4 12. Nxe4 Rxe4 13. Bxg7 Kxg7 14. e3 Bd7
15. Qd2 Re8 16. Rbc1 Qf6 17. Ne1 Bf5 18. Nd3 Bxd3 19. Qxd3 a4 20. c5 axb3 21.
axb3 dxc5 22. Rxc5 Re5 23. Rc4 Ra6 24. Rf4 Qe7 25. Qc3 Kg8 26. Rc1 Rb6 27. Ra1
h6 28. Ra8+ Kh7 29. Bxc6 Rxc6 30. Rxf7+ Qxf7 31. Qxe5 Qg7 32. Qd5 h5 33. h4 Rd6
34. Qxb7 Qf7 35. Rc8 Rd7 36. Qc6 Re7 37. Qc3 Qg7 38. Qxg7+ Kxg7 39. Kf1 Kf6 40.
Ke2 Rd7 41. Rb8 Rd6 42. Rb4 1-0

[Event "Lloyds Bank Masters 17th"]
[Site "London"]
[Date "1993.08.29"]
[Round "9"]
[White "Arkell, Keith C"]
[Black "Wood, David A"]
[Result "1-0"]
[WhiteElo "2475"]
[BlackElo "2270"]
[PlyCount "79"]
[EventDate "1993.08.21"]
[EventType "swiss"]
[EventRounds "10"]
[EventCountry "ENG"]

1. d4 Nf6 2. Nf3 g6 3. c4 Bg7 4. Nc3 O-O 5. g3 d6 6. Bg2 Nbd7 7. O-O e5 8. Qc2
Qe7 9. Rd1 c6 10. b3 Re8 11. e3 Nf8 12. dxe5 dxe5 13. a4 e4 14. Ba3 c5 15. Nd4
Bg4 16. Rd2 Qe5 17. Ndb5 Rad8 18. Rxd8 Rxd8 19. Bb2 Qh5 20. Nc7 Bf3 21. N3d5
N8d7 22. Nf4 Qh6 23. h4 g5 24. hxg5 Qxg5 25. Bxf3 exf3 26. Rd1 Rf8 27. Ncd5 Re8
28. Nxf6+ Nxf6 29. Bxf6 Qxf6 30. Qd3 Bh6 31. Qd7 Qe7 32. Qg4+ Kh8 33. Qxf3 Bg7
34. Nd5 Qe4 35. Qxe4 Rxe4 36. Nf4 h6 37. Rd7 Bf8 38. Rxb7 a6 39. Rb6 a5 40. Rb5
1-0

[Event "Lloyds Bank Masters 17th"]
[Site "London"]
[Date "1993.08.29"]
[Round "9"]
[White "Drei, Andrea"]
[Black "Lane, Gary William"]
[Result "0-1"]
[WhiteElo "2255"]
[BlackElo "2430"]
[PlyCount "77"]
[EventDate "1993.08.21"]
[EventType "swiss"]
[EventRounds "10"]
[EventCountry "ENG"]

1. e4 e5 2. Nf3 Nc6 3. Bb5 a6 4. Bxc6 dxc6 5. O-O Bd6 6. d4 exd4 7. Qxd4 f6 8.
Nc3 Ne7 9. Be3 O-O 10. Rad1 Qe8 11. Qc4+ Kh8 12. Bc5 Bxc5 13. Qxc5 Ng6 14. Qe3
Qe7 15. Rd2 Qb4 16. Rb1 f5 17. a3 Qc4 18. b3 Qf7 19. Ng5 Qf6 20. e5 Qe7 21. f4
h6 22. Nf3 Qxa3 23. Rbd1 Qe7 24. g3 Re8 25. Nd4 Qf7 26. Na4 Nf8 27. Qc3 Kh7 28.
Re1 Qg6 29. b4 b6 30. Nb2 Bb7 31. Nc4 Ne6 32. Nxe6 Qxe6 33. Red1 c5 34. bxc5
Qc6 35. Rd5 Rad8 36. Ne3 Rxd5 37. Rxd5 Qb5 38. Rd1 bxc5 39. Qd2 0-1

[Event "Lloyds Bank Masters 17th"]
[Site "London"]
[Date "1993.08.29"]
[Round "9"]
[White "Poulton, James"]
[Black "Thipsay, Praveen Mahadeo"]
[Result "0-1"]
[WhiteElo "2300"]
[BlackElo "2465"]
[PlyCount "78"]
[EventDate "1993.08.21"]
[EventType "swiss"]
[EventRounds "10"]
[EventCountry "ENG"]

1. d4 Nf6 2. Nf3 g6 3. Nc3 d5 4. Bf4 Bg7 5. e3 c6 6. Be2 Nbd7 7. Ne5 O-O 8. O-O
Ne8 9. Nxd7 Bxd7 10. Qd2 Bf5 11. Rad1 Nd6 12. f3 Re8 13. Rfe1 b5 14. Bd3 Bxd3
15. cxd3 Nf5 16. Rc1 Rc8 17. Rc2 a6 18. Rec1 Bxd4 19. Nd1 e5 20. Bg3 Ba7 21.
Rxc6 Rxc6 22. Rxc6 Qa8 23. Rc1 e4 24. d4 exf3 25. gxf3 Bb8 26. Bf2 Bd6 27. Qd3
Qd8 28. Qf1 Nxd4 29. Bg3 Bxg3 30. hxg3 Nf5 31. Rc2 Qg5 32. f4 Qxg3+ 33. Rg2 Qh4
34. Rh2 Qe7 35. Qh3 h5 36. Re2 Qc5 37. Kf2 d4 38. Qf3 dxe3+ 39. Nxe3 Nd4 0-1

[Event "Lloyds Bank Masters 17th"]
[Site "London"]
[Date "1993.08.29"]
[Round "9"]
[White "Emms, John M"]
[Black "Barua, Dibyendu"]
[Result "1/2-1/2"]
[WhiteElo "2455"]
[BlackElo "2510"]
[PlyCount "76"]
[EventDate "1993.08.21"]
[EventType "swiss"]
[EventRounds "10"]
[EventCountry "ENG"]

1. e4 e5 2. Nf3 Nf6 3. Nxe5 d6 4. Nf3 Nxe4 5. d4 d5 6. Bd3 Be7 7. O-O Nc6 8. c4
Nb4 9. Be2 dxc4 10. Bxc4 O-O 11. Nc3 Nxc3 12. bxc3 Nd5 13. Ne5 c6 14. Qf3 f6
15. Nd3 Be6 16. Bd2 Bf7 17. Bb3 Re8 18. Rab1 Qd7 19. Rfd1 Bf8 20. Nf4 Rad8 21.
c4 Nxf4 22. Bxf4 Qf5 23. Be3 Qxf3 24. gxf3 b6 25. c5 Bxb3 26. axb3 bxc5 27.
dxc5 Rxd1+ 28. Rxd1 Rb8 29. Ra1 Rxb3 30. Rxa7 Rb5 31. Ra6 Bxc5 32. Rxc6 Bxe3
33. fxe3 Rb2 34. Rc7 Re2 35. e4 h5 36. Rc5 h4 37. h3 Kf7 38. Rf5 Kg6 1/2-1/2

[Event "Lloyds Bank Masters 17th"]
[Site "London"]
[Date "1993.08.29"]
[Round "9"]
[White "McDonald, Neil R"]
[Black "Gavriel, Tryfon"]
[Result "1-0"]
[WhiteElo "2395"]
[BlackElo "2190"]
[PlyCount "75"]
[EventDate "1993.08.21"]
[EventType "swiss"]
[EventRounds "10"]
[EventCountry "ENG"]

1. e4 c5 2. Nc3 Nc6 3. f4 g6 4. Nf3 Bg7 5. Bb5 Nd4 6. Nxd4 cxd4 7. Ne2 a6 8.
Bd3 d5 9. e5 f6 10. exf6 Bxf6 11. c3 Bf5 12. Bxf5 gxf5 13. Nxd4 Qd7 14. Qh5+
Kd8 15. Nxf5 e6 16. Ng3 Kc7 17. O-O Ne7 18. d3 Rhg8 19. Bd2 Qb5 20. Rae1 Raf8
21. Rxe6 Qxd3 22. Rxf6 Rxf6 23. Qe5+ Rd6 24. Qxe7+ Kc6 25. Qe3 Qg6 26. f5 Qf7
27. Qd4 Kd7 28. Bf4 Rc6 29. Qa7 Kd8 30. Re1 Qd7 31. f6 Rxf6 32. Bg5 Rxg5 33.
Qb8+ Qc8 34. Re8+ Kxe8 35. Qxc8+ Kf7 36. Qxb7+ Kg8 37. b4 h5 38. h4 1-0

[Event "Lloyds Bank Masters 17th"]
[Site "London"]
[Date "1993.08.29"]
[Round "9"]
[White "Gokhale, Jayant Suresh"]
[Black "Rogers, Ian"]
[Result "0-1"]
[WhiteElo "2330"]
[BlackElo "2595"]
[PlyCount "74"]
[EventDate "1993.08.21"]
[EventType "swiss"]
[EventRounds "10"]
[EventCountry "ENG"]

1. d4 Nf6 2. c4 e6 3. Nc3 Bb4 4. e3 c5 5. Bd3 Bxc3+ 6. bxc3 d6 7. Ne2 e5 8. O-O
Nc6 9. e4 h6 10. f4 b6 11. d5 Na5 12. Ng3 Qe7 13. h3 Kd8 14. fxe5 dxe5 15. Qf3
Rf8 16. Bxh6 Ne8 17. Be3 Nd6 18. Qe2 f6 19. Rf2 Rh8 20. Nf1 Qe8 21. Nd2 Qg6 22.
Kf1 Ba6 23. Ke1 Rc8 24. Rf3 Rc7 25. g4 Qe8 26. Qf1 Kc8 27. Bg1 Qa4 28. g5 f5
29. Rxf5 Nxf5 30. exf5 Qa3 31. Ne4 Rh4 32. Be3 Rxe4 33. Bxe4 Qxc3+ 34. Kf2 Nxc4
35. Bd3 Nxe3 36. Bxa6+ Kd8 37. Qe1 Qd4 0-1

[Event "Lloyds Bank Masters 17th"]
[Site "London"]
[Date "1993.08.29"]
[Round "9"]
[White "Griffiths, Paul V"]
[Black "Kumaran, Dharshan"]
[Result "0-1"]
[WhiteElo "2240"]
[BlackElo "2425"]
[PlyCount "72"]
[EventDate "1993.08.21"]
[EventType "swiss"]
[EventRounds "10"]
[EventCountry "ENG"]

1. b3 d5 2. Bb2 Bg4 3. Nf3 Nd7 4. g3 Bxf3 5. exf3 Ngf6 6. f4 g6 7. Bg2 e6 8. c4
c6 9. cxd5 cxd5 10. Qe2 Be7 11. h4 h5 12. Nc3 O-O 13. Bf3 Rc8 14. Kf1 a6 15.
Kg2 Re8 16. Qd3 Bf8 17. Rhe1 Bg7 18. Rac1 Qa5 19. Qb1 Bf8 20. Rcd1 Bb4 21. Qa1
Ba3 22. Qb1 Bxb2 23. Qxb2 Rc7 24. Ne2 Rec8 25. Nd4 Qb4 26. Re3 Qd6 27. Rde1 Qf8
28. Nxe6 fxe6 29. Rxe6 Rc6 30. Re7 Nc5 31. Qe5 Nd3 32. Bxd5+ Kh8 33. Qa1 Nxe1+
34. Rxe1 Rd6 35. Bxb7 Rcd8 36. g4 Qg7 0-1

[Event "Lloyds Bank Masters 17th"]
[Site "London"]
[Date "1993.08.29"]
[Round "9"]
[White "Saunders, John C"]
[Black "Manning, Russell P"]
[Result "1-0"]
[WhiteElo "2245"]
[BlackElo "1910"]
[PlyCount "69"]
[EventDate "1993.08.21"]
[EventType "swiss"]
[EventRounds "10"]
[EventCountry "ENG"]

1. e4 c5 2. c3 d5 3. exd5 Qxd5 4. d4 cxd4 5. cxd4 Nc6 6. Nf3 e6 7. Nc3 Bb4 8.
Bd3 Nf6 9. O-O Bxc3 10. bxc3 O-O 11. Bg5 Qd8 12. Ne5 Ne7 13. Re1 Ng6 14. Ng4
Bd7 15. Qf3 Bc6 16. Be4 h5 17. Nxf6+ gxf6 18. Bxf6 Bxe4 19. Rxe4 Qd5 20. Rae1
Rfc8 21. Be5 Nxe5 22. dxe5 Kf8 23. Qxh5 Rd8 24. Qh8+ Ke7 25. Qf6+ Ke8 26. Rf4
Qd7 27. Qh8+ Ke7 28. Qg7 Rf8 29. Qf6+ Ke8 30. Rd4 Qc7 31. Red1 Rg8 32. h4 b5
33. h5 Rc8 34. h6 Rg6 35. h7 1-0

[Event "Lloyds Bank Masters 17th"]
[Site "London"]
[Date "1993.08.29"]
[Round "9"]
[White "Obukhov, Alexander"]
[Black "Gallagher, Joseph G"]
[Result "1-0"]
[WhiteElo "2490"]
[BlackElo "2515"]
[PlyCount "61"]
[EventDate "1993.08.21"]
[EventType "swiss"]
[EventRounds "10"]
[EventCountry "ENG"]

1. c4 g6 2. g3 Bg7 3. Bg2 e5 4. Nc3 d6 5. e4 Be6 6. b3 Nc6 7. Nge2 h5 8. h3 Qd7
9. Nd5 h4 10. g4 f5 11. f3 Nce7 12. Bb2 c6 13. Ndf4 Nf6 14. Nxe6 Qxe6 15. d4 c5
16. dxc5 dxc5 17. Nc3 Bh6 18. Nb5 O-O 19. Nc7 Qb6 20. Nxa8 Qa5+ 21. Kf1 fxe4
22. Bxe5 exf3 23. Bxf3 Nc6 24. Bxf6 Rxf6 25. Kg2 Qc3 26. Rf1 Nd4 27. Bd5+ Kg7
28. Qe1 Qb2+ 29. Rf2 Rxf2+ 30. Qxf2 Bd2 31. Rf1 1-0